书目信息 |
| 题名: |
中国民族乐队全奏曲选集
|
|
| 作者: | 王直 主编 | |
| 分册: | 第二册 | |
| 出版信息: | 北京 中央音乐学院出版社 2005 |
|
| 页数: | 260页 | |
| 开本: | 30cm | |
| 丛书名: | ||
| 单 册: | ||
| 中图分类: | J648.6 | |
| 科图分类: | ||
| 主题词: | 民族器乐--合奏曲--中国--选集 | |
| 电子资源: | ||
| ISBN: | 7-81096-089-X | |
| 000 | 01135nam0 2200289 450 | |
| 000 | 01098nam0 2200277 450 | |
| 000 | 01065nam0 2200277 450 | |
| 000 | 01011nam0 2200253 450 | |
| 000 | 01029nam0 2200241 450 | |
| 000 | 00992nam0 2200229 45 | |
| 005 | 20070113102733.21 | |
| 010 | @a7-81096-089-X@dCNY36.00 | |
| 100 | @a20060829d2005 ekmy0chiy0120 ea | |
| 101 | 0 | @achi |
| 102 | @aCN@b110000 | |
| 105 | @ag z 000yy | |
| 200 | 1 | @a中国民族乐队全奏曲选集@AZhong Guo Min Zu Yue Dui Quan Zou Qu Xuan Ji@h第二册@HDi Er Ce@f王直主编@FWang Zhi Zhu Bian |
| 210 | @a北京@c中央音乐学院出版社@d2005 | |
| 215 | @a260页@d30cm | |
| 330 | @a本书选编了海内外知名作曲家的优秀民族乐队作品共三十三首。这套选集可以说是许多优秀作曲家智慧与才华的结晶,它无论对中国民族音乐的创作、表演,还是对中国民族音乐的研究工作都将是一份珍贵的资料。 | |
| 606 | 0 | @a民族器乐@x合奏曲@y中国@x选集 |
| 690 | @aJ648.6@v4 | |
| 701 | 0 | @a王直@AWang Zhi@4主编 |
| 801 | 0 | @aCN@b中图数据@c20070113 |
| 905 | @a10447@dJ648.6@e103:2 | |
| 中国民族乐队全奏曲选集.第二册/王直主编.-北京:中央音乐学院出版社,2005 |
| 260页;30cm |
| ISBN 7-81096-089-X:CNY36.00 |
| 本书选编了海内外知名作曲家的优秀民族乐队作品共三十三首。这套选集可以说是许多优秀作曲家智慧与才华的结晶,它无论对中国民族音乐的创作、表演,还是对中国民族音乐的研究工作都将是一份珍贵的资料。 |
| ● |
| 相关链接 |
|
|
|
|
正题名:中国民族乐队全奏曲选集
索取号:J648.6/103:2
 
预约/预借
| 序号 | 登录号 | 条形码 | 馆藏地/架位号 | 状态 | 备注 |
| 1 | 0612129 | 206121294 | 第一样本阅览室/ [索取号:J648.6/103:2] | 在馆 | |
| 2 | 0612130 | 206121301 | 第一借阅区/ [索取号:J648.6/103:2] | 在馆 | |
| 3 | 0612131 | 206121310 | 第一借阅区/ [索取号:J648.6/103:2] | 在馆 | |
| 4 | 0612132 | 206121329 | 第一借阅区/ [索取号:J648.6/103:2] | 在馆 | |
| 5 | 0612133 | 206121338 | 第一借阅区/ [索取号:J648.6/103:2] | 在馆 |